Statistiche per Geografia per immagini - G

Clicka qui per fare il quiz!

Statistiche generali

  • Questo quiz è stato fatto 1.854 volte
    (1.851 dall'ultimo reset)
  • Il punteggio medio è 10 su 18

Statistiche sulle risposte

Risposta% Corretto
Giappone
94%
Grecia
89%
Groenlandia
88%
Gran Bretagna
84%
Giordania
81%
Guatemala
75%
Genova
65%
Gobi
65%
Gange
64%
Gerusalemme
58%
Galizia
57%
Gambia
54%
Georgia
35%
Gibilterra
30%
Giallo
29%
Graz
14%
Ginza
13%
Großglockner
12%

Distribuzione punteggi

Percentile per numero di risposta

Percentuale di utenti per punteggio

I tuoi punteggi nel tempo

Non hai fatto questo quiz dall'ultimo reset